000 00366nam a2200121Ia 4500
008 220620s9999||||xx |||||||||||||| ||und||
245 0 _aMolecular Medicine
546 _aEnglish[eng]
650 _aMolecular biology
700 _aNalbantoglu, Sinem||Amri, Hakima
856 _uhttps://mts.intechopen.com/storage/books/8400/authors_book/authors_book.pdf
942 _cEB
999 _c27667
_d27667